000 00677nam a2200253Ia 4500
001 46047
005 20240114003736.0
007 ta
008 090325s1975 g b000 u 465 u
020 _cHB
040 _aCotton College,Assam
041 _a465
082 _a330.1
_bMa 317 Mi
100 _aMansfield, Edwin .
245 0 _aMicroeconomic Problems: Concepts, Cases, and Tests /
_cEdwin Mansfield.
_hTextual Documents
250 _a2nd ed /
260 _aNew York :
_bW. W. Norton & Co. Inc. ,
_c1975.
300 _a288p ;
_c28 cm.
653 _aEconomics
653 _aT/G-Economics
942 _2ddc
_cBK
999 _c46012
_d46012